ARRUPE JESUIT UNIVERSITY

CORONAVIRUS -STOP THE SPREAD - CLEAN,DISINFECT,COVER

Philosophy in African traditions and cultures : (Record no. 130765)

MARC details
000 -LEADER
fixed length control field 01181cam a2200301 i 4500
001 - CONTROL NUMBER
control field 18313328
003 - CONTROL NUMBER IDENTIFIER
control field ARRUPE
005 - DATE AND TIME OF LATEST TRANSACTION
control field 20211013104643.0
008 - FIXED-LENGTH DATA ELEMENTS--GENERAL INFORMATION
fixed length control field 140923s2015 dcu b 001 0 eng
010 ## - LIBRARY OF CONGRESS CONTROL NUMBER
LC control number 2014036575
020 ## - INTERNATIONAL STANDARD BOOK NUMBER
International Standard Book Number 9781565182998 (pbk.)
040 ## - CATALOGING SOURCE
Original cataloging agency DLC
Language of cataloging eng
Transcribing agency DLC
Description conventions rda
Modifying agency DLC
042 ## - AUTHENTICATION CODE
Authentication code pcc
043 ## - GEOGRAPHIC AREA CODE
Geographic area code f------
050 00 - LIBRARY OF CONGRESS CALL NUMBER
Classification number B5320
Item number .P45 2015
082 00 - DEWEY DECIMAL CLASSIFICATION NUMBER
Classification number 199/.6891
Edition number 23
300 ## - PHYSICAL DESCRIPTION
Dimensions 23 cm.
245 00 - TITLE STATEMENT
Title Philosophy in African traditions and cultures :
Remainder of title Zimbabwe philosophical studies, II /
Statement of responsibility, etc edited by: Fainos Mangena, Tarisayi Andrea Chimuka, Francis Mabiri.
260 ## - PUBLICATION, DISTRIBUTION, ETC. (IMPRINT)
Place of publication, distribution, etc Washington
Name of publisher, distributor, etc Cardinal Station
Date of publication, distribution, etc 2014
300 ## - PHYSICAL DESCRIPTION
Extent 193 pages ;
490 0# - SERIES STATEMENT
Series statement Cultural heritage and contemporary change. Series II, African philosophical studies ;
Volume number/sequential designation volume 17
504 ## - BIBLIOGRAPHY, ETC. NOTE
Bibliography, etc Includes bibliographical references and index.
650 #0 - SUBJECT ADDED ENTRY--TOPICAL TERM
Topical term or geographic name as entry element Philosophy, African
Chronological subdivision 20th century.
9 (RLIN) 21551
650 #0 - SUBJECT ADDED ENTRY--TOPICAL TERM
Topical term or geographic name as entry element Philosophy, African
Chronological subdivision 21st century.
9 (RLIN) 21552
700 1# - ADDED ENTRY--PERSONAL NAME
Personal name Mangena, Fainos.
9 (RLIN) 960
906 ## - LOCAL DATA ELEMENT F, LDF (RLIN)
a 7
b cbc
c orignew
d 1
e ecip
f 20
g y-gencatlg
942 ## - ADDED ENTRY ELEMENTS (KOHA)
Source of classification or shelving scheme Library of Congress Classification
Koha item type Monograph ( Printed materials)
Holdings
Withdrawn status Lost status Source of classification or shelving scheme Damaged status Not for loan Collection code Home library Current library Shelving location Date acquired Total Checkouts Full call number Barcode Date last seen Price effective from Koha item type
    Library of Congress Classification     Main Collection ARRUPE LIBRARY ARRUPE LIBRARY Main Collection 13/10/2021   B5320 .P45 2015 46600007404 13/10/2021 13/10/2021 Monograph ( Printed materials)

 

Arrupe Library. PO Box MP320 Mt Pleasant, Harare, Zimbabwe
263 242 745411|librarian@aju.ac.zw